[Event "Bansko Grand Chess Open"]
[Site "Bansko BUL"]
[Date "2010.12.17"]
[Round "6.18"]
[White "Gvetadze, Sopio"]
[Black "Glavchev, Stanislav"]
[Result "0-1"]
[WhiteTitle "IM"]
[WhiteElo "2350"]
[BlackElo "2129"]
[WhiteFideId "13601440"]
[BlackFideId "2901412"]
[EventDate "2010.12.13"]
[EventType "swiss"]

1. e4 Nc6 2. Nf3 e5 3. Bb5 a6 4. Ba4 Nf6 5. d3 b5 6. Bb3 Be7 7. O-O d6 8. c3 O-O
9. Nbd2 h6 10. Re1 Na5 11. Bc2 c5 12. Nf1 Re8 13. Ng3 Bf8 14. d4 Qc7 15. h3 cxd4
16. cxd4 Nc6 17. d5 Nb4 18. Bb1 a5 19. a3 Na6 20. Bd3 Bd7 21. Be3 a4 22. Qe2 Qb7
23. Bd2 Nc5 24. Bc2 Rac8 25. Bc3 g6 26. Rf1 Bg7 27. Ne1 h5 28. h4 Qb6 29. Nd3
Nxd3 30. Bxd3 Ng4 31. Rfb1 Qd8 32. Nf1 Qxh4 33. f3 Nh6 34. Bxb5 Qd8 35. Bd3 f5
36. Be1 fxe4 37. Bxe4 Nf5 38. Bf2 Bh6 39. Re1 Rb8 40. Qc2 Qg5 41. Qc7 Qd8 42.
Qxd8 Rexd8 43. Rab1 Rb7 44. Re2 Rc8 45. Be1 Nd4 46. Rf2 Bf5 47. Bb4 Rb5 48. Re1
Rc1 49. Rxc1 Bxc1 50. g3 Kf7 51. Kg2 Ke7 52. Nd2 Bxd2 53. Rxd2 Rb8 54. Rd3 Bxe4
55. fxe4 Rc8 56. Rc3 Rxc3 57. Bxc3 Nb3 58. Kf3 g5 59. Ke3 Nc1 60. Be1 Nb3 61.
Bc3 h4 62. gxh4 gxh4 63. Kf3 Nc5 64. Bb4 Nd3 65. Kg4 h3 66. Kxh3 Nf2+ 67. Kg3
Nxe4+ 68. Kf3 Nf6 69. Bd2 Nxd5 70. Ke4 Nb6 71. Kd3 d5 72. Kc3 Kd6 73. Kb4 Kc6
74. b3 axb3 75. Kxb3 Kb5 76. Bg5 Na4 77. Be7 Nc5+ 78. Kc3 d4+ 79. Kc2 e4 80. Bh4
Kc4 81. Be1 Na4 82. Kd2 Nc3 83. Kc1 e3 84. Kc2 d3+ 85. Kc1 Ne4 86. Ba5 d2+ 87.
Kc2 Kb5 88. Bb4 Ka4 0-1

[Event "Bansko Grand Chess Open"]
[Site "Bansko BUL"]
[Date "2010.12.17"]
[Round "6.19"]
[White "Angelov, Zvetomir"]
[Black "Nikolova, Adriana"]
[Result "1/2-1/2"]
[BlackTitle "WIM"]
[WhiteElo "2126"]
[BlackElo "2328"]
[WhiteFideId "2905353"]
[BlackFideId "2908689"]
[EventDate "2010.12.13"]
[EventType "swiss"]

1. Nf3 c5 2. c4 Nc6 3. Nc3 g6 4. g3 Bg7 5. Bg2 Nh6 6. d4 cxd4 7. Bxh6 Bxh6 8.
Nxd4 Nxd4 9. Qxd4 O-O 10. O-O Bg7 11. Qd2 Rb8 12. Rfd1 b6 13. Rac1 d6 14. Nb5
Qd7 15. Nd4 Ba6 16. b3 Rfc8 17. h4 Bb7 18. Nf3 h5 19. Kh2 Rc7 20. Qf4 Bf6 21.
Bh3 Qc6 22. Nd4 Bxd4 23. Qxd4 Qe4 24. Qxe4 Bxe4 25. Rd4 Bb7 26. Rcd1 Kf8 27. f3
Rc5 28. Kg2 Bc8 29. Bxc8 Rbxc8 30. Rd5 Kg7 31. Kf2 f6 32. Ke3 Kf7 33. R1d4 e5
34. Rd2 Rxd5 35. Rxd5 Ke6 36. Rd1 Rc5 37. Rd3 d5 38. cxd5+ Rxd5 39. Rc3 Kd7 40.
Rc4 Ra5 1/2-1/2

[Event "Bansko Grand Chess Open"]
[Site "Bansko BUL"]
[Date "2010.12.17"]
[Round "6.22"]
[White "Ljangov, Petar"]
[Black "Zygouris, Hristos"]
[Result "0-1"]
[WhiteElo "2090"]
[BlackElo "2225"]
[WhiteFideId "2901277"]
[BlackFideId "4200292"]
[EventDate "2010.12.13"]
[EventType "swiss"]

1. c4 Nf6 2. Nf3 g6 3. b3 Bg7 4. Bb2 O-O 5. g3 d6 6. d4 c6 7. Bg2 a5 8. a3 Nbd7
9. O-O Qb6 10. Qc2 Re8 11. Nbd2 Qa6 12. e4 e5 13. dxe5 dxe5 14. b4 b5 15. c5 a4
16. Bc3 Qb7 17. Qb2 Qc7 18. Ne1 Nf8 19. Nd3 Ng4 20. Rad1 f6 21. h3 Nh6 22. Nf3
Be6 23. Rfe1 Nf7 24. Nc1 Rad8 25. Qc2 Qc8 26. Kh2 Bh6 27. Bd2 Bxd2 28. Rxd2 Rxd2
29. Nxd2 Rd8 30. Re3 Kg7 31. Rd3 h5 32. Rxd8 Qxd8 33. Qd3 g5 34. Qxd8 Nxd8 35.
Nf3 Ng6 36. h4 Kh6 37. Nd3 Nf7 38. hxg5+ fxg5 39. Nde1 Kg7 40. Nc2 Kf6 41. Ne3
Ne7 42. Ng1 g4 43. f3 Kg5 44. fxg4 hxg4 45. Ne2 Kf6 46. Nc3 Ng5 47. Ncd1 Bd7 48.
Nf2 Nf3+ 49. Bxf3 gxf3 50. Nfg4+ Ke6 51. Kg1 Nd5 52. exd5+ cxd5 53. Kf2 e4 54.
Nc2 Kf5 55. Nh6+ Kg6 56. Ng8 Kf7 57. c6 Bxc6 58. Nh6+ Kf6 59. Ng4+ Kf5 60. Nge3+
Ke5 61. Ng4+ Kf5 62. Nh2 Bd7 63. Ke3 Ke5 64. g4 f2 65. Kxf2 d4 66. g5 Bf5 67.
Nf1 Bg6 68. Ke1 Kd5 69. Kd2 Kc4 70. Nxd4 Kxd4 71. Ne3 Ke5 72. Kc3 Bf7 73. Ng4+
Kf4 74. Nf2 Kf3 75. Nd1 e3 76. Nb2 Bg6 0-1

[Event "Bansko Grand Chess Open"]
[Site "Bansko BUL"]
[Date "2010.12.17"]
[Round "6.23"]
[White "Dounis, Alexandros"]
[Black "Petrov, Martin"]
[Result "1-0"]
[WhiteElo "2207"]
[BlackElo "1939"]
[WhiteFideId "4213238"]
[BlackFideId "2911086"]
[EventDate "2010.12.13"]
[EventType "swiss"]

1. d4 Nf6 2. Nf3 e6 3. g3 b6 4. Bg2 Bb7 5. O-O Be7 6. c4 O-O 7. Nc3 d6 8. Qc2
Nbd7 9. Rd1 c5 10. dxc5 bxc5 11. Nb5 d5 12. Bf4 a6 13. Bc7 Qc8 14. Bd6 Qd8 15.
Bxe7 Qxe7 16. Na3 Rab8 17. cxd5 exd5 18. Rac1 Rfc8 19. Ne1 Ba8 20. Nd3 Ne4 21.
Nf4 Ndf6 22. Bxe4 dxe4 23. Nc4 Rd8 24. Rxd8+ Qxd8 25. b3 Qc7 26. Ne3 Rc8 27. Qc3
Qc6 28. b4 cxb4 29. Qxc6 Rxc6 30. Rb1 a5 31. a3 Rc8 32. axb4 Rb8 33. b5 Bc6 34.
b6 a4 35. Nc4 Nd7 36. Na5 Bb7 37. Rd1 Nf8 38. Ra1 g5 39. Nh5 Nd7 40. Rxa4 Nxb6
41. Rb4 Ba8 42. Nf6+ Kg7 43. Nxe4 Bxe4 44. Rxe4 Rc8 45. e3 h6 46. Re7 Kf6 47.
Rb7 Nd5 48. Nb3 Kg6 49. Rb5 Nc3 50. Rb6+ f6 51. Nd4 h5 52. Kg2 Rd8 53. Rb7 Nd5
54. Ne6 Rc8 55. Rd7 Nc3 56. h3 g4 57. hxg4 hxg4 58. Rg7+ Kf5 59. Nd4+ Ke5 60.
Rxg4 1-0

[Event "Bansko Grand Chess Open"]
[Site "Bansko BUL"]
[Date "2010.12.17"]
[Round "6.24"]
[White "Iskos, Alexandros"]
[Black "Hristodoulou, Panagiotis"]
[Result "0-1"]
[WhiteElo "2080"]
[BlackElo "2207"]
[WhiteFideId "4208676"]
[BlackFideId "4214340"]
[EventDate "2010.12.13"]
[EventType "swiss"]

1. e4 Nf6 2. e5 Nd5 3. d4 d6 4. Nf3 dxe5 5. Nxe5 c6 6. Bc4 Nd7 7. O-O Nxe5 8.
dxe5 Bf5 9. c3 e6 10. Qf3 Be7 11. Nd2 Qc7 12. Re1 O-O-O 13. Nb3 c5 14. Be3 h5
15. Qe2 Nxe3 16. Qxe3 g5 17. Nd2 Kb8 18. Rad1 g4 19. Nf1 h4 20. Bd3 h3 21. Bxf5
exf5 22. Rxd8+ Qxd8 23. Ng3 Qd5 24. gxh3 gxh3 25. f3 Rg8 26. Kh1 Qxa2 27. e6
Qxb2 28. Re2 Qb1+ 29. Re1 Qa2 30. Re2 Qxe6 31. Qd2 Rd8 32. Qe1 Qd5 33. Qf1 Bh4 0-1

[Event "Bansko Grand Chess Open"]
[Site "Bansko BUL"]
[Date "2010.12.17"]
[Round "6.25"]
[White "Bozilov, Novica"]
[Black "Collas, Didier"]
[Result "0-1"]
[BlackTitle "IM"]
[WhiteElo "2030"]
[BlackElo "2420"]
[WhiteFideId "938556"]
[BlackFideId "602680"]
[EventDate "2010.12.13"]
[EventType "swiss"]

1. d4 Nf6 2. Nf3 c5 3. g3 cxd4 4. Nxd4 d5 5. Bg2 e5 6. Nf3 Nc6 7. O-O h6 8. c4
Be6 9. Qa4 Bd6 10. cxd5 Nxd5 11. Rd1 O-O 12. Qb5 a6 13. Qd3 Bc5 14. Nc3 Nxc3 15.
bxc3 Qb6 16. e3 Rad8 17. Qc2 Bf5 18. Qe2 Rxd1+ 19. Qxd1 Rd8 20. Qe1 Bc2 21. Nd2
e4 22. Nc4 Qb5 23. Nb2 Ne5 24. Qf1 Qa5 0-1

[Event "Bansko Grand Chess Open"]
[Site "Bansko BUL"]
[Date "2010.12.17"]
[Round "6.26"]
[White "Stefanov, Evtim"]
[Black "Aggelis, Nikolaos"]
[Result "0-1"]
[BlackTitle "FM"]
[WhiteElo "1944"]
[BlackElo "2337"]
[WhiteFideId "2907070"]
[BlackFideId "4213220"]
[EventDate "2010.12.13"]
[EventType "swiss"]

1. e4 e5 2. Nf3 Nc6 3. Bb5 a6 4. Ba4 Nf6 5. O-O Be7 6. Re1 b5 7. Bb3 O-O 8. a4
b4 9. d3 d6 10. Nbd2 Na5 11. Ba2 Be6 12. Bxe6 fxe6 13. Nf1 c5 14. Bd2 Rb8 15.
Ne3 Nd7 16. c4 Nc6 17. Nf1 a5 18. b3 Qe8 19. Ng3 Qg6 20. Be3 Rf7 21. Qd2 Rbf8
22. Rf1 h6 23. Ne1 Bh4 24. Nh1 h5 25. g3 Nd4 26. Bxd4 cxd4 27. Ng2 Bg5 28. Qe2
Nc5 29. Rab1 Rf3 30. Ne1 R3f6 31. Kg2 h4 32. g4 h3+ 33. Kxh3 Qh7+ 34. Kg2 Rh6
35. Nf3 Rxf3 36. Qxf3 Rxh2+ 37. Kg1 Nxd3 38. Ng3 Qh3 39. Rbd1 Nf4 40. Rfe1 Rg2+ 0-1

[Event "Bansko Grand Chess Open"]
[Site "Bansko BUL"]
[Date "2010.12.17"]
[Round "6.27"]
[White "Bozilov, Dragan"]
[Black "Tomov, Georgi"]
[Result "1/2-1/2"]
[WhiteElo "1915"]
[BlackElo "2286"]
[WhiteFideId "906620"]
[BlackFideId "2908964"]
[EventDate "2010.12.13"]
[EventType "swiss"]

1. d4 d5 2. c4 dxc4 3. Nf3 Nf6 4. e3 Bg4 5. Bxc4 e6 6. O-O a6 7. Be2 c5 8. b3
cxd4 9. Nxd4 Bxe2 10. Qxe2 Be7 11. Rd1 Qc7 12. Bb2 Nc6 13. Nd2 Nxd4 14. Bxd4 Rc8
15. Bb2 O-O 16. Rac1 Qa5 17. a3 Rxc1 18. Rxc1 Rd8 19. Nc4 Qd5 20. Qc2 h6 21. h3
Ne4 22. Nb6 Qd2 23. Qxe4 Qxb2 24. Rb1 Qxa3 25. Qxb7 Qa2 26. Rc1 Qxb3 27. Qxa6
Rd1+ 28. Rxd1 Qxd1+ 29. Qf1 Qc2 30. Nc4 Bh4 31. Ne5 Bf6 32. Nf3 1/2-1/2

[Event "Bansko Grand Chess Open"]
[Site "Bansko BUL"]
[Date "2010.12.17"]
[Round "6.28"]
[White "Pavlidou, Ekaterini"]
[Black "Hristov, Kaloyan"]
[Result "1-0"]
[WhiteTitle "WIM"]
[WhiteElo "2188"]
[BlackElo "1608"]
[WhiteFideId "4213262"]
[BlackFideId "2910837"]
[EventDate "2010.12.13"]
[EventType "swiss"]

1. d4 Nf6 2. c4 g6 3. Nc3 Bg7 4. e4 d6 5. Nf3 O-O 6. h3 e5 7. dxe5 dxe5 8. Qxd8
Rxd8 9. Bg5 Re8 10. O-O-O Bd7 11. c5 h6 12. Be3 a6 13. Bc4 Bc6 14. Nd2 Nbd7 15.
b4 b5 16. Bd3 g5 17. g4 Rad8 18. Nb3 Nb8 19. f3 Nh7 20. Na5 Ba8 21. Nd5 Bxd5 22.
exd5 Nf6 23. Be4 Nxe4 24. fxe4 Bf8 25. Rdf1 Kg7 26. h4 f6 27. hxg5 hxg5 28. Rh2
Be7 29. Nb7 Rc8 30. Rfh1 Rh8 31. Rxh8 Rxh8 32. Rxh8 Kxh8 33. d6 cxd6 34. cxd6
Bf8 35. Bb6 Kg8 36. Bc7 Nd7 37. Nc5 Nxc5 38. bxc5 Kf7 39. d7 Be7 40. d8=Q Bxd8
41. Bxd8 Ke6 42. c6 Kd6 43. c7 Kd7 44. Kc2 Kc8 45. Kb3 a5 46. a4 b4 47. Bxf6
Kxc7 48. Bxe5+ 1-0

[Event "Bansko Grand Chess Open"]
[Site "Bansko BUL"]
[Date "2010.12.17"]
[Round "7.1"]
[White "Nabaty, Tamir"]
[Black "Grigoryan, Avetik"]
[Result "1/2-1/2"]
[WhiteTitle "IM"]
[BlackTitle "GM"]
[WhiteElo "2529"]
[BlackElo "2580"]
[WhiteFideId "2809052"]
[BlackFideId "13302191"]
[EventDate "2010.12.13"]
[EventType "swiss"]

1. e4 e6 2. d4 d5 3. Nc3 Bb4 4. a3 Bxc3+ 5. bxc3 dxe4 6. Qg4 Nf6 7. Qxg7 Rg8 8.
Qh6 Rg6 9. Qd2 c5 10. Ne2 Nc6 11. Rb1 Qc7 12. g3 e5 13. Bg2 Bg4 14. O-O O-O-O
15. Qe1 cxd4 16. cxd4 exd4 17. Bf4 Qe7 18. Kh1 Nd5 19. Bd2 Re6 20. Nf4 Nxf4 21.
Bxf4 Qxa3 22. Rb3 Qc5 23. Qb1 b6 24. Re1 Bf3 25. Rxf3 exf3 26. Bxf3 Rxe1+ 27.
Qxe1 Qxc2 28. Qf1 Kb7 29. Qe1 Qc5 30. Qe4 d3 31. Be3 Qd6 32. Kg2 Qf6 33. Bg5
Qxg5 34. Qxc6+ Ka6 35. Qa4+ Qa5 36. Qc4+ Qb5 37. Qa2+ Qa5 38. Qc4+ b5 39. Qxf7
Qb6 40. Qa2+ Qa5 41. Qe6+ 1/2-1/2

[Event "Bansko Grand Chess Open"]
[Site "Bansko BUL"]
[Date "2010.12.17"]
[Round "7.2"]
[White "Savchenko, Boris"]
[Black "Cheparinov, Ivan"]
[Result "1/2-1/2"]
[WhiteTitle "GM"]
[BlackTitle "GM"]
[WhiteElo "2632"]
[BlackElo "2668"]
[WhiteFideId "4147332"]
[BlackFideId "2905540"]
[EventDate "2010.12.13"]
[EventType "swiss"]

1. e4 c6 2. d4 d5 3. Nc3 dxe4 4. Nxe4 Bf5 5. Nc5 b6 6. Nb3 e6 7. Nf3 Nf6 8. Nh4
Be4 9. f3 Bg6 10. Nxg6 hxg6 11. g3 Bd6 12. f4 Qc7 13. Qf3 Nbd7 14. Bd2 a5 15.
Bg2 Rc8 16. c3 a4 17. Nc1 c5 18. Nd3 Nd5 19. Qe2 O-O 20. Ne5 cxd4 21. cxd4 Bb4
22. Bxb4 Nxb4 23. O-O Nxe5 24. dxe5 Rfd8 25. Be4 Rd4 26. a3 Nd5 27. Kg2 Qc4 28.
Rae1 b5 29. Rf3 b4 30. Qxc4 Rcxc4 31. Bd3 Rc5 32. Re4 Rxe4 33. Bxe4 b3 34. Rf2
Kf8 35. Kf3 Ke7 36. h4 Nb6 37. Bd3 Kd7 38. Ke3 Kc6 39. Be4+ Kd7 40. Bd3 Kc6 41.
Be4+ Nd5+ 42. Kd4 Rc1 43. Rd2 Rc5 44. Bd3 Ne7 45. Bc4 Kb6 46. Kc3 Nd5+ 47. Kd4
Ne7 48. Kc3 Nd5+ 49. Kd4 Ne7 50. Kc3 1/2-1/2

[Event "Bansko Grand Chess Open"]
[Site "Bansko BUL"]
[Date "2010.12.17"]
[Round "7.3"]
[White "Petrov, Marijan"]
[Black "Nikolaidis, Ioannis"]
[Result "1/2-1/2"]
[WhiteTitle "GM"]
[BlackTitle "GM"]
[WhiteElo "2534"]
[BlackElo "2552"]
[WhiteFideId "2901773"]
[BlackFideId "4202139"]
[EventDate "2010.12.13"]
[EventType "swiss"]

1. e4 c6 2. d4 d5 3. Nc3 dxe4 4. Nxe4 Nd7 5. Nf3 Ngf6 6. Ned2 c5 7. Nc4 e6 8.
Be2 Be7 9. dxc5 Bxc5 10. Nd6+ Ke7 11. Nxc8+ Rxc8 12. O-O Qc7 13. c3 Rhd8 14. Qa4
Nb6 15. Qh4 h6 16. Bf4 Bd6 17. Bxd6+ Qxd6 18. Rfd1 Qc5 19. a3 Nd5 20. Qd4 Qxd4
21. Rxd4 g5 22. g3 Nb6 23. Rad1 Rxd4 24. Rxd4 Nbd7 25. Rb4 b6 26. Nd4 a5 27. Rc4
Rxc4 28. Bxc4 Nc5 29. b4 1/2-1/2

[Event "Bansko Grand Chess Open"]
[Site "Bansko BUL"]
[Date "2010.12.17"]
[Round "7.4"]
[White "Georgiev, Vladimir"]
[Black "Galburd, Yan"]
[Result "1-0"]
[WhiteTitle "GM"]
[WhiteElo "2582"]
[BlackElo "2322"]
[WhiteFideId "2903024"]
[BlackFideId "2808528"]
[EventDate "2010.12.13"]
[EventType "swiss"]

1. d4 Nf6 2. c4 c5 3. d5 b5 4. Qc2 g6 5. e4 d6 6. cxb5 Bg7 7. Nc3 a6 8. Nf3 O-O
9. a4 axb5 10. Bxb5 Ba6 11. O-O Bxb5 12. Nxb5 Na6 13. Bd2 Qb6 14. Bc3 Rfb8 15.
Nd2 Qd8 16. Nc4 Ne8 17. Qd2 Nb4 18. Bxb4 cxb4 19. Nd4 Bxd4 20. Qxd4 b3 21. a5
Nc7 22. Nb6 Ra7 23. Qe3 Na8 24. Nc4 Rc7 25. Nd2 Rcb7 26. Rfc1 Rc8 27. Nxb3 Rxc1+
28. Rxc1 Qb8 29. Nd4 Rxb2 30. Nc6 Qb7 31. Qh6 1-0

[Event "Bansko Grand Chess Open"]
[Site "Bansko BUL"]
[Date "2010.12.17"]
[Round "7.6"]
[White "Korobkov, Piotr"]
[Black "Dobrev, Nanko"]
[Result "1-0"]
[BlackTitle "IM"]
[WhiteElo "2484"]
[BlackElo "2376"]
[WhiteFideId "14112787"]
[BlackFideId "2901633"]
[EventDate "2010.12.13"]
[EventType "swiss"]

1. d4 d5 2. c4 e6 3. Nf3 Nf6 4. g3 c6 5. Bg2 Nbd7 6. Nbd2 Bd6 7. O-O O-O 8. Qc2
b6 9. e4 dxe4 10. Nxe4 Nxe4 11. Qxe4 Bb7 12. b3 Nf6 13. Qh4 h6 14. Bb2 Qe7 15.
Ne5 Rac8 16. Rae1 Rfd8 17. f4 Nd7 18. Qxe7 Bxe7 19. f5 Nf8 20. fxe6 fxe6 21. Rf7
Rc7 22. Bxc6 Ng6 23. Nxg6 Kxf7 24. Ne5+ Kg8 25. Bxb7 Rxb7 26. Nc6 Re8 27. Rxe6
Kf7 28. d5 Bf6 29. Bxf6 gxf6 30. Kf2 Rd7 31. Nd4 Rde7 32. Rxe7+ Rxe7 33. Nf5 Re5
34. Nxh6+ Kg6 35. Ng4 Re4 36. Ne3 f5 37. Kf3 Rd4 38. b4 Kf6 39. c5 Rxb4 40. c6
Rb1 41. c7 Rc1 42. d6 Ke6 43. Nxf5 1-0

[Event "Bansko Grand Chess Open"]
[Site "Bansko BUL"]
[Date "2010.12.17"]
[Round "7.7"]
[White "Maksimovic, Branimir"]
[Black "Grigorov, Grigor"]
[Result "0-1"]
[WhiteTitle "IM"]
[BlackTitle "IM"]
[WhiteElo "2421"]
[BlackElo "2479"]
[WhiteFideId "901490"]
[BlackFideId "2907313"]
[EventDate "2010.12.13"]
[EventType "swiss"]

1. d4 Nf6 2. c4 e6 3. g3 c5 4. d5 exd5 5. cxd5 b5 6. Bg2 d6 7. a4 b4 8. b3 g6 9.
Bb2 Bg7 10. Nd2 O-O 11. Nc4 Re8 12. e3 Ba6 13. Qc2 Qc7 14. Ne2 Nbd7 15. O-O Nb6
16. Rfd1 Bxc4 17. bxc4 a5 18. Nc1 Qe7 19. Nb3 Ne4 20. Bxg7 Kxg7 21. Bxe4 Qxe4
22. Qxe4 Rxe4 23. Nd2 Rxc4 24. Nxc4 Nxc4 25. e4 Re8 26. f3 g5 27. Kf2 g4 28.
fxg4 Rxe4 29. g5 Ne5 30. h4 c4 31. Kg2 c3 32. Rf1 c2 0-1

[Event "Bansko Grand Chess Open"]
[Site "Bansko BUL"]
[Date "2010.12.17"]
[Round "7.8"]
[White "Dimitrov, Radoslav"]
[Black "Georgiev, Krum"]
[Result "1/2-1/2"]
[WhiteTitle "IM"]
[BlackTitle "GM"]
[WhiteElo "2410"]
[BlackElo "2422"]
[WhiteFideId "2908549"]
[BlackFideId "2900092"]
[EventDate "2010.12.13"]
[EventType "swiss"]

1. c4 g6 2. Nc3 Bg7 3. g3 c5 4. Bg2 Nc6 5. e3 e5 6. Nge2 Nge7 7. O-O O-O 8. d3
d6 9. h3 Rb8 10. Rb1 a6 11. b3 Be6 12. Nd5 h5 13. Bb2 Nf5 14. Qd2 b5 15. Kh2 a5
16. f4 exf4 17. Bxg7 Kxg7 18. Qc3+ Kh6 19. Ndxf4 Nce7 20. Rf3 Bd7 21. e4 Ng7 22.
Rbf1 Nc6 23. Qd2 Kh7 24. Nd5 f5 25. R3f2 Ne5 26. exf5 Nxf5 27. cxb5 Bxb5 28. Be4
Bd7 29. d4 Nc6 30. dxc5 dxc5 31. Ne3 Nce7 32. Nf4 Bb5 33. Nxf5 Qxd2 34. Rxd2
Nxf5 35. Nxg6 Kxg6 36. Rxf5 Rxf5 37. Rd6+ Kg7 38. Bxf5 c4 39. Rd2 cxb3 40. axb3
a4 41. bxa4 Bxa4 42. Be4 Be8 43. Bf3 Bg6 44. Kg2 Rb5 45. Kf2 Kh6 46. Rd4 Re5 47.
Rd6 Kg7 48. h4 Kh7 49. Be2 Kg7 50. Bd3 Bxd3 51. Rxd3 Kg6 52. Rd6+ Kg7 53. Kf3
Rf5+ 54. Ke3 Rf1 55. Ke2 Rf5 56. Rc6 Kh7 57. Ke3 Kg7 58. Ke4 Rf1 59. Rc5 Kg6 60.
Rg5+ Kh6 61. Rf5 Ra1 62. Re5 Rf1 63. Rf5 Ra1 64. Rf6+ Kg7 65. Rb6 Rf1 66. Ke3
Rf5 67. Rb4 Kg6 68. Ke4 Rf6 69. Rb5 Rf1 70. Rb6+ Kg7 71. Ke3 Rf5 72. Rb4 Kg6 73.
Rf4 Ra5 74. Rd4 Rf5 75. Rd6+ Kg7 76. Ke4 Rf1 77. Rb6 Kh7 78. Ke3 Kg7 79. Rb4 Kg6
80. Ra4 Rf6 1/2-1/2

[Event "Bansko Grand Chess Open"]
[Site "Bansko BUL"]
[Date "2010.12.17"]
[Round "7.12"]
[White "Berbatov, Kiprian"]
[Black "Dounis, Alexandros"]
[Result "1/2-1/2"]
[WhiteTitle "IM"]
[WhiteElo "2461"]
[BlackElo "2207"]
[WhiteFideId "2910446"]
[BlackFideId "4213238"]
[EventDate "2010.12.13"]
[EventType "swiss"]

1. e4 e5 2. Nf3 Nc6 3. Nc3 Nf6 4. Bb5 Bb4 5. O-O O-O 6. d3 Bxc3 7. bxc3 d6 8.
Bg5 Qe7 9. Re1 Nd8 10. d4 Bg4 11. h3 Bh5 12. Bh4 Ne6 13. g4 Bg6 14. dxe5 dxe5
15. Nxe5 Qc5 16. Nxg6 hxg6 17. Bd3 Nf4 18. Qf3 g5 19. e5 Nxg4 20. hxg4 Nxd3 21.
cxd3 gxh4 22. d4 Qc4 23. g5 Qc6 24. Qh3 Kh7 25. Rad1 Qe6 26. Qd3+ Qg6 27. Re4
Kg8 28. Kh2 Qxg5 29. Qh3 f5 30. Rxh4 Kf7 31. Rg1 Qxh4 32. Qxh4 Rh8 33. Kg3 Rxh4
34. Kxh4 Rh8+ 35. Kg5 Rh2 36. f3 Rf2 37. Kf4 c6 38. a4 b6 39. c4 Rd2 40. Kxf5
Rxd4 41. e6+ Kf8 42. Ke5 Rxc4 43. Kd6 Rd4+ 44. Kxc6 Rxa4 45. Kd7 Rd4+ 46. Kc6
Ke7 1/2-1/2

[Event "Bansko Grand Chess Open"]
[Site "Bansko BUL"]
[Date "2010.12.17"]
[Round "7.13"]
[White "Zygouris, Hristos"]
[Black "Zaslavsky, Mikhail"]
[Result "0-1"]
[BlackTitle "IM"]
[WhiteElo "2225"]
[BlackElo "2424"]
[WhiteFideId "4200292"]
[BlackFideId "2807670"]
[EventDate "2010.12.13"]
[EventType "swiss"]

1. c4 e5 2. g3 Nf6 3. Bg2 d5 4. cxd5 Nxd5 5. Nc3 Nb6 6. Nf3 Nc6 7. O-O Be7 8. a3
O-O 9. b4 Be6 10. Rb1 f6 11. d3 Qd7 12. Ne4 Nd5 13. Qc2 Rfd8 14. Nc5 Bxc5 15.
bxc5 Rab8 16. Re1 Kh8 17. Bb2 Nde7 18. Ba1 b5 19. cxb6 cxb6 20. Bc3 Rbc8 21. Qb2
Rc7 22. Rbc1 Rdc8 23. Red1 Nf5 24. e3 Nd6 25. Ne1 Bf5 26. e4 Bg4 27. f3 Be6 28.
f4 Bg4 29. Nf3 Nf7 30. fxe5 fxe5 31. Rd2 Nd4 32. Ne1 Ne2+ 33. Rxe2 Bxe2 34. Qxe2
Rxc3 35. Rxc3 Rxc3 36. Nf3 Qxd3 0-1

[Event "Bansko Grand Chess Open"]
[Site "Bansko BUL"]
[Date "2010.12.17"]
[Round "7.14"]
[White "Hristodoulou, Panagiotis"]
[Black "Ashwin, Jayaram"]
[Result "1-0"]
[BlackTitle "IM"]
[WhiteElo "2207"]
[BlackElo "2420"]
[WhiteFideId "4214340"]
[BlackFideId "5018137"]
[EventDate "2010.12.13"]
[EventType "swiss"]

1. e4 c5 2. Nf3 d6 3. d4 cxd4 4. Nxd4 Nf6 5. Nc3 a6 6. Bg5 Nbd7 7. f4 Qc7 8. Qf3
h6 9. Bxf6 Nxf6 10. Qg3 g5 11. fxg5 hxg5 12. Be2 Qc5 13. O-O-O e6 14. Rhf1 Be7
15. Nb3 Qe5 16. Qxe5 dxe5 17. h3 b5 18. Rd3 Nd7 19. Na5 Bc5 20. a4 b4 21. Nd1
Ra7 22. Ne3 Rc7 23. Nac4 Ke7 24. Ng4 Bd4 25. Rdf3 Rh7 26. c3 bxc3 27. bxc3 f5
28. exf5 exf5 29. Rxf5 Nb6 30. Nxb6 Bxf5 31. Nd5+ Ke6 32. Ngf6 Rhf7 33. Rxf5
Kxf5 34. Bg4+ Kg6 35. Bh5+ Kg7 36. Nxc7 Be3+ 37. Kc2 Re7 38. Nfd5 Re6 39. Ne8+
Kh6 40. Bf7 Rxe8 41. Bxe8 Bc5 42. Kd3 Kg7 43. Ke4 Bd6 44. Kf5 Bb8 45. Kxg5 e4
46. Kf5 e3 47. Nxe3 1-0

[Event "Bansko Grand Chess Open"]
[Site "Bansko BUL"]
[Date "2010.12.17"]
[Round "7.15"]
[White "Fazulyanov, Sergey"]
[Black "Sotirov, Nikolaj"]
[Result "1-0"]
[WhiteTitle "FM"]
[WhiteElo "2365"]
[BlackElo "2109"]
[WhiteFideId "4153383"]
[BlackFideId "2904454"]
[EventDate "2010.12.13"]
[EventType "swiss"]

1. e4 c5 2. Nf3 Nc6 3. d4 cxd4 4. Nxd4 g6 5. c4 Bg7 6. Be3 Nf6 7. Nc3 Ng4 8.
Qxg4 Nxd4 9. Qd1 Ne6 10. Rc1 Qa5 11. a3 d6 12. Be2 g5 13. O-O Qe5 14. g3 Nd4 15.
Bh5 Bh3 16. f4 gxf4 17. gxf4 Qf6 18. Nd5 Ne2+ 19. Qxe2 Qxb2 20. Qxb2 Bxb2 21.
Nc7+ Kd7 22. Nxa8 Rxa8 23. Rb1 Rg8+ 24. Kf2 Rg2+ 25. Kf3 Rxh2 26. Rf2 1-0

[Event "Bansko Grand Chess Open"]
[Site "Bansko BUL"]
[Date "2010.12.17"]
[Round "7.16"]
[White "Glavchev, Stanislav"]
[Black "Kukov, Velislav"]
[Result "0-1"]
[BlackTitle "FM"]
[WhiteElo "2129"]
[BlackElo "2355"]
[WhiteFideId "2901412"]
[BlackFideId "2906139"]
[EventDate "2010.12.13"]
[EventType "swiss"]

1. e4 c6 2. Nf3 d5 3. Nc3 Bg4 4. h3 Bxf3 5. Qxf3 e6 6. d3 Bb4 7. Bd2 d4 8. Nb1
Qb6 9. Qg3 Bf8 10. b3 Nd7 11. Be2 Ngf6 12. O-O h5 13. Bg5 Qc5 14. c4 Bd6 15. Bf4
Be7 16. Bc1 h4 17. Qf4 Bd6 18. Qd2 Qb6 19. Ba3 c5 20. f4 e5 21. f5 Be7 22. Qe1
O-O-O 23. Nd2 Rdg8 24. Bc1 g6 25. Kh1 Qc6 26. Bf3 Nh5 27. Bxh5 Rxh5 28. Qe2 Rh7
29. Nf3 gxf5 30. exf5 Rhg7 31. Rf2 Rg3 32. Qe4 Qxe4 33. dxe4 Nf6 34. Nxe5 Nxe4
35. Re2 Rxh3+ 36. gxh3 Ng3+ 37. Kg2 Nxe2+ 38. Kf3 Ng1+ 39. Ke4 Nxh3 40. Bh6 Bf6
41. Nxf7 Rg4+ 42. Kd5 d3 43. Re1 Nf4+ 44. Bxf4 Rxf4 45. Nd6+ Kd7 46. Ne8 Rxf5+ 0-1